| 000 | 00558nam a22001817a 4500 | ||
|---|---|---|---|
| 003 | OSt | ||
| 005 | 20251029025219.0 | ||
| 008 | 251029b |||||||| |||| 00| 0 eng d | ||
| 020 | _a978-971-581-325-9 | ||
| 040 |
_aDWCL - Main Lib _cOC |
||
| 082 | _aFil. 248.8 F513h 2020 | ||
| 100 | _aFinley, Mark | ||
| 245 |
_aHope for troubled times / _cMark Finley |
||
| 260 |
_aManila, Philippines : _bPhilippine Publishing House, _cc2020. |
||
| 300 |
_a106 pages : _billustrations ; _c17cm. |
||
| 650 | _a1. Christian Life Practice | ||
| 942 |
_2ddc _cBK - FIL _mFil. _n0 |
||
| 999 |
_c5270 _d5270 |
||